000 00328 a2200133 4500
000 nam a22 7a 4500
100 _aSharma, Vivek
110 _aSharma, Vivek
245 _aBharat ki Gyan Pranali
250 _aLatest edition
260 _bsatyam Publication
_c2023
264 _bsatyam Publication
_c2023
942 _cBK
999 _c395901
_d395901